000 00807nam a2200265Ia 4500
003 OSt
005 20220918221638.0
006 a|||||r|||| 00| 0
007 ta
008 220917b |||||||| |||| 00| 0 eng d
024 _a202,337
037 _cTextual
040 _aARTS
_cARTS
_beng
041 _2eng
_aeng
082 _aS:4:(X:8), P1
100 _aLant Theresa K. Ed.
_9141076
245 0 _aOrganizational cognition
_b computation and interpretation
260 _aMahwah
_bLawrence erlbaum associates, publishers
_c2001
300 _axxiii, 389 p
_ccm.
490 _aLea's organization and managment series
650 _aPSYCHOLOGY
700 _a Shapira Zur Ed.
_9141077
942 _hS:4:(X:8), P1
_cTEXL
_2CC
999 _c273226
_d273226